000 00488nam a22001697a 4500
003 0
005 20230619105642.0
008 230619b xxu||||| |||| 00| 0 eng d
020 _a971-630-043-3
082 _aFil. 675.8
_b.Jo83 1995
245 _aAntonio Luna
_cJose, Vivencio R.
260 _aMakati City
_bTahanan Books for Young Readers
_cC1995
300 _a31pp.
_bill.
_c25cm.
500 _aLuna, Antonio.
504 _aIncludes bibliographical references.
942 _2ddc
_cBK
999 _c365015
_d365015